000
00289nam a2200121Ia 4500
008
191201s2008 xx 000 0 und d
100
_a
AGGARWAL, Usha
245
0
_a
Sone Ka Pinjra
260
_a
N. Delhi
_b
Poonam Prakashan
_c
2008
300
_a
135
650
_a
General Books
942
_2
ddc
_c
BK
999
_c
716
_d
716